000 00390nam a2200145Ia 4500
008 220204s9999 xx 000 0 und d
020 _a0745318894
082 _a339.1
_bMcM
100 _aMcMurtry, John
245 0 _aValue wars : The global market versus the life economy
260 _aLondon
_bPluto Press
_c2002
650 _aEcocide prevention
650 _aGlobalization
942 _cBK
999 _c42239
_d42239